Logos Through The Ages: Apple Quiz Stats

Quiz Updated May 8, 2017

Challenge
Share
Tweet
Score 0/6 Timer 01:30
7 Plays Today
% Correct
???
97.5%
???
84.8%
???
77.6%
???
62.5%
???
41.8%
???
37.7%

You're not logged in!

Compare scores with friends on all Sporcle quizzes.
Sign Up with Email
OR
Log In

You Might Also Like...

Show Comments

Extras

Top Quizzes Today


Score Distribution

Your Account Isn't Verified!

In order to create a playlist on Sporcle, you need to verify the email address you used during registration. Go to your Sporcle Settings to finish the process.